000 00505 a2200181 4500
005 20250626145259.0
020 _a0-02-820240-6
082 _a381.33 LOW
100 _aLOWE,R.E.
245 _aConsumer Education and Economics
250 _a3rd Ed.
260 _aCalifornia,
_bMcGraw-Hill Educational Division,
_c1990.
300 _avi,553p.:ill.;tables, pictures
_bGlossary and Index
_c25cm
700 _aMalouf,Charles A.
700 _aJacobson, Annette R.
700 _aNiss, James
942 _2ddc
_cBKS
999 _c5411
_d5411